Malaysias fast track strategy for rubber (Record no. 62408)

MARC details
000 -LEADER
fixed length control field 00309nam a2200121Ia 4500
100 ## - MAIN ENTRY--AUTHOR NAME
Personal name AhmadDatuk Dr Salmiah
245 #0 - TITLE STATEMENT
Title Malaysias fast track strategy for rubber
260 ## - PUBLICATION, DISTRIBUTION, ETC. (IMPRINT)
Name of publisher Rubber Asia
Year of publication 2013
300 ## - PHYSICAL DESCRIPTION
Number of Pages 58-59
650 ## - SUBJECT ADDED ENTRY--TOPICAL TERM
Topical Term Natural rubber
942 ## - ADDED ENTRY ELEMENTS (KOHA)
Koha item type Journals
Holdings
Withdrawn status Lost status Damaged status Not for loan Home library Current library Date acquired Serial Enumeration / chronology Koha item type
      Journals RRII Library RRII Library 21/03/2014 Volume 28, Issue 6 Journals